000 00558nam a2200229Ia 4500
003 OSt
005 20220918211808.0
006 a|||||r|||| 00| 0
007 ta
008 220917b |||||||| |||| 00| 0 eng d
024 _a125,608
037 _cTextual
040 _aARTS
_cARTS
_beng
041 _2eng
_aeng
082 _aW:915, H8
100 _aFriedwald E M
_9121374
245 0 _aMan's last choice, etc
260 _c1948
650 _aPOLITICAL SCIENCE
942 _hW:915, H8
_cTEXL
_2CC
999 _c248756
_d248756